<?xml version="1.0" encoding="UTF-8"?>
<record
    xmlns:xsi="http://www.w3.org/2001/XMLSchema-instance"
    xsi:schemaLocation="http://www.loc.gov/MARC21/slim http://www.loc.gov/standards/marcxml/schema/MARC21slim.xsd"
    xmlns="http://www.loc.gov/MARC21/slim">

  <leader>00730nam a22001337a 4500</leader>
  <datafield tag="040" ind1=" " ind2=" ">
    <subfield code="c">RUA</subfield>
  </datafield>
  <datafield tag="082" ind1=" " ind2=" ">
    <subfield code="a">GRS HUO 2012 B368 Or.1</subfield>
  </datafield>
  <datafield tag="100" ind1=" " ind2=" ">
    <subfield code="a">HUON, MAKARA.</subfield>
  </datafield>
  <datafield tag="245" ind1=" " ind2=" ">
    <subfield code="a">Various organic covers on the green mustard at celery station of royal university of agriculture (&#x200B;&#x1782;&#x1798;&#x17D2;&#x179A;&#x1794;&#x179F;&#x179A;&#x17B8;&#x179A;&#x17B6;&#x1784;&#x17D2;&#x1782;&#x1795;&#x17D2;&#x179F;&#x17C1;&#x1784;&#x17D7;&#x1782;&#x17D2;&#x1793;&#x17B6;&#x179B;&#x17BE;&#x178A;&#x17C6;&#x178E;&#x17B6;&#x17C6;&#x179F;&#x17D2;&#x1796;&#x17C3;&#x1785;&#x1784;&#x17D2;&#x1780;&#x17B9;&#x17C7;&#x1793;&#x17C5;&#x179F;&#x17D2;&#x1790;&#x17B6;&#x1793;&#x17B8;&#x1799;&#x17CF;&#x1796;&#x17B7;&#x179F;&#x17C4;&#x1792;&#x1793;&#x17CF;&#x178A;&#x17C6;&#x178E;&#x17B6;&#x17C6;&#x1793;&#x17C3;&#x179F;&#x17B6;&#x1780;&#x179B;&#x179C;&#x17B7;&#x1791;&#x17D2;&#x1799;&#x17B6;&#x179B;&#x17D0;&#x1799;&#x1797;&#x17BC;&#x1798;&#x17B7;&#x1793;&#x17D2;&#x1791;&#x1780;&#x179F;&#x17B7;&#x1780;&#x1798;&#x17D2;&#x1798;)</subfield>
  </datafield>
  <datafield tag="260" ind1=" " ind2=" ">
    <subfield code="a">Phnom Penh</subfield>
    <subfield code="b">RUA</subfield>
    <subfield code="c">2012</subfield>
  </datafield>
  <datafield tag="300" ind1=" " ind2=" ">
    <subfield code="a">vii, 31p.</subfield>
    <subfield code="b">ill.</subfield>
    <subfield code="c">29cm.</subfield>
  </datafield>
  <datafield tag="856" ind1=" " ind2=" ">
    <subfield code="u">https://drive.google.com/file/d/12uifHGvzxQv1uSfs8iBybB94hgcuZesW/view?usp=sharing</subfield>
  </datafield>
  <datafield tag="942" ind1=" " ind2=" ">
    <subfield code="c">GRS</subfield>
  </datafield>
  <datafield tag="999" ind1=" " ind2=" ">
    <subfield code="c">6357</subfield>
    <subfield code="d">6357</subfield>
  </datafield>
  <datafield tag="952" ind1=" " ind2=" ">
    <subfield code="0">0</subfield>
    <subfield code="1">0</subfield>
    <subfield code="2">ddc</subfield>
    <subfield code="4">0</subfield>
    <subfield code="6">GRS_HUO_2012_000000000000000_B368_OR_1</subfield>
    <subfield code="7">0</subfield>
    <subfield code="9">35685</subfield>
    <subfield code="a">LBB</subfield>
    <subfield code="b">LBB</subfield>
    <subfield code="c">B368</subfield>
    <subfield code="d">2016-01-22</subfield>
    <subfield code="l">1</subfield>
    <subfield code="o">GRS HUO 2012 B368 Or.1</subfield>
    <subfield code="p">RUA042887</subfield>
    <subfield code="r">2016-08-12</subfield>
    <subfield code="s">2016-07-25</subfield>
    <subfield code="w">2016-01-22</subfield>
    <subfield code="y">GRS</subfield>
  </datafield>
  <datafield tag="952" ind1=" " ind2=" ">
    <subfield code="0">0</subfield>
    <subfield code="1">0</subfield>
    <subfield code="2">ddc</subfield>
    <subfield code="4">0</subfield>
    <subfield code="6">GRS_HUO_2012_000000000000000_B368_OR_2</subfield>
    <subfield code="7">0</subfield>
    <subfield code="9">35686</subfield>
    <subfield code="a">LBB</subfield>
    <subfield code="b">LBB</subfield>
    <subfield code="c">B368</subfield>
    <subfield code="d">2016-01-22</subfield>
    <subfield code="l">4</subfield>
    <subfield code="o">GRS HUO 2012 B368 Or.2</subfield>
    <subfield code="p">RUA042827</subfield>
    <subfield code="r">2020-02-04</subfield>
    <subfield code="s">2020-01-29</subfield>
    <subfield code="w">2016-01-22</subfield>
    <subfield code="y">GRS</subfield>
  </datafield>
  <datafield tag="952" ind1=" " ind2=" ">
    <subfield code="0">0</subfield>
    <subfield code="1">0</subfield>
    <subfield code="2">ddc</subfield>
    <subfield code="4">0</subfield>
    <subfield code="6">GRS_HUO_2012_000000000000000_B368_OR_3</subfield>
    <subfield code="7">0</subfield>
    <subfield code="9">35687</subfield>
    <subfield code="a">LBB</subfield>
    <subfield code="b">LBB</subfield>
    <subfield code="c">B368</subfield>
    <subfield code="d">2016-01-22</subfield>
    <subfield code="l">2</subfield>
    <subfield code="o">GRS HUO 2012 B368 Or.3</subfield>
    <subfield code="p">RUA042707</subfield>
    <subfield code="r">2017-10-25</subfield>
    <subfield code="s">2017-10-11</subfield>
    <subfield code="w">2016-01-22</subfield>
    <subfield code="y">GRS</subfield>
  </datafield>
  <datafield tag="952" ind1=" " ind2=" ">
    <subfield code="0">0</subfield>
    <subfield code="1">0</subfield>
    <subfield code="2">ddc</subfield>
    <subfield code="4">0</subfield>
    <subfield code="6">GRS_HUO_2012_000000000000000_B368_OR_4</subfield>
    <subfield code="7">0</subfield>
    <subfield code="9">35688</subfield>
    <subfield code="a">LBB</subfield>
    <subfield code="b">LBB</subfield>
    <subfield code="c">B368</subfield>
    <subfield code="d">2016-01-22</subfield>
    <subfield code="l">2</subfield>
    <subfield code="o">GRS HUO 2012 B368 Or.4</subfield>
    <subfield code="p">RUA042728</subfield>
    <subfield code="r">2019-09-09</subfield>
    <subfield code="s">2019-08-26</subfield>
    <subfield code="w">2016-01-22</subfield>
    <subfield code="y">GRS</subfield>
  </datafield>
  <datafield tag="952" ind1=" " ind2=" ">
    <subfield code="0">0</subfield>
    <subfield code="1">0</subfield>
    <subfield code="2">ddc</subfield>
    <subfield code="4">0</subfield>
    <subfield code="6">GRS_HUO_2012_000000000000000_B368_OR_5</subfield>
    <subfield code="7">0</subfield>
    <subfield code="9">35689</subfield>
    <subfield code="a">LBB</subfield>
    <subfield code="b">LBB</subfield>
    <subfield code="c">B368</subfield>
    <subfield code="d">2016-01-22</subfield>
    <subfield code="o">GRS HUO 2012 B368 Or.5</subfield>
    <subfield code="p">RUA042767</subfield>
    <subfield code="r">2016-01-22</subfield>
    <subfield code="w">2016-01-22</subfield>
    <subfield code="y">GRS</subfield>
  </datafield>
  <datafield tag="952" ind1=" " ind2=" ">
    <subfield code="0">0</subfield>
    <subfield code="1">0</subfield>
    <subfield code="2">ddc</subfield>
    <subfield code="4">0</subfield>
    <subfield code="6">GRS_HUO_2012_000000000000000_B1_194_OR_1</subfield>
    <subfield code="7">0</subfield>
    <subfield code="9">76464</subfield>
    <subfield code="a">LBB</subfield>
    <subfield code="b">LBB</subfield>
    <subfield code="c">B1.194</subfield>
    <subfield code="d">2018-12-24</subfield>
    <subfield code="o">GRS HUO 2012 B1.194 Or.1</subfield>
    <subfield code="p">A41587</subfield>
    <subfield code="r">2018-12-24</subfield>
    <subfield code="w">2018-12-24</subfield>
    <subfield code="y">GRS</subfield>
  </datafield>
  <datafield tag="952" ind1=" " ind2=" ">
    <subfield code="0">0</subfield>
    <subfield code="1">0</subfield>
    <subfield code="2">ddc</subfield>
    <subfield code="4">0</subfield>
    <subfield code="6">GRS_HUO_2012_000000000000000_B1_246_OR_1</subfield>
    <subfield code="7">0</subfield>
    <subfield code="9">80276</subfield>
    <subfield code="a">LBB</subfield>
    <subfield code="b">LBB</subfield>
    <subfield code="c">B1.246</subfield>
    <subfield code="d">2019-07-25</subfield>
    <subfield code="l">1</subfield>
    <subfield code="o">GRS HUO 2012 B1.246 Or.1</subfield>
    <subfield code="p">A36312</subfield>
    <subfield code="r">2020-11-23</subfield>
    <subfield code="s">2020-11-17</subfield>
    <subfield code="w">2019-07-25</subfield>
    <subfield code="y">GRS</subfield>
  </datafield>
</record>
